| 000 | 01066nam a2200301 4500 | ||
|---|---|---|---|
| 003 | OSt | ||
| 005 | 20260530115306.0 | ||
| 008 | 260508b20032006cc a|||| |||| 00| 0 eng d | ||
| 020 | _a9781565233195 | ||
| 040 |
_aICI _bspa _cICI |
||
| 041 | _aeng | ||
| 050 |
_aTT201 _bG76 2003 |
||
| 100 | 1 |
_aGross, Barry _932067 |
|
| 245 | 1 | 4 |
_aThe pen turner's workbook : _bmaking pens from simple to stunning / _cBarry Gross |
| 264 | 1 |
_aEast Petersburg, PA : _bFox Chapel Publishing, _c2003 |
|
| 300 |
_a125 páginas : _bilustraciones |
||
| 336 |
_atexto _2rdacontent |
||
| 337 |
_asin medio _2rdamedia |
||
| 338 |
_avolumen _2rdacarrier |
||
| 500 | _aGuía práctica para la fabricación artesanal de plumas mediante técnicas de torneado. | ||
| 650 | 0 |
_aTorneado en madera _932068 |
|
| 650 | 0 |
_aPlumas estilográficas _xDiseño y construcción _932069 |
|
| 650 | 0 |
_aArtesanías en madera _932070 |
|
| 650 | 0 |
_aInstrumentos de escritura _xManufactura _932071 |
|
| 650 | 0 |
_aCarpintería artística _932072 |
|
| 655 |
_2local _aManuales prácticos _932073 |
||
| 942 |
_2lcc _cBK _n1 |
||
| 999 |
_c13116 _d13116 |
||